1545 1072 1055 1602 1532 1577 1973 1541 1943 1044 1905 1451 1312 1227 1395 1243 1354 1323 1705 1785 1712 1928 1844 1639 1760 1517 1379 1749 1124 1645 1273 1460 1203 1037 1708 1146 1183 1104 1543 1813 1427 1966 1297 1498 1690 1942 1030 1591 1184 1143 1451 1311 1362 1662 1159 1207 1804 1394 1887 1523 1034 1539 1867 1299 1759 1944 1732 1845 1671 2000 1982 1418 1378 1886 1703 1841 1874 1803 1509 1792 1545 1478 1990 1370 1830 1491 1575 1596 1720 1219 1891 1160 1439 1505 1065 1216 1030 1887 1017 BCNSPRNW ULIB Ver.6.0+V

เปลี่ยนเป็นภาษาไทย

Change to English
 แสดงรายละเอียดบรรณานุกรม
  กลับหน้าหลัก

Brief Record : Get Marc (ISO 2709) : E-mail record : QR code < ปิดหน้าต่าง
LEADER : 00000nam 2200000uu 4500
001    13399113206
003     ULIB
008    111003s2550||||th 000 0 tha d
020    9789741312306
050 04 QA76.76^bส253ก 2550
100 0  สมนึก อำรุงสกุลรัฐ
245 10 กำจัดไวรัสง่าย ๆ ด้วยฟรีโปรแกรม Antivirus & spyware /^cสมนึก อำรุงสกุลรัฐ
260    กรุงเทพฯ :^bสวัสดี ไอที,^c2550
300    230 หน้า :^bภาพประกอบ ;^c21 ซม
505 2  แนะนำตัวไวรัส วายร้าย -- ประเภทของไวรัส -- ชื่อ (ไวรัส)สำคัญไฉน --ไวรัส (Virus), สปายแวร์ (Spyware), สแปมเมล (Spammail) -- Adware -- อันตรายในรูปแบบ Phishing และ Pharming -- ที่มาที่ไปของไวรัส -- จับผิดไวรัส -- ลบทุกอย่างที่ขวางหน้า (ไฟล์ขยะ) -- สแกนสื่อทุกอย่างก่อนใช้งาน -- หลีกเลี่ยงการเข้าเว็บเสี่ยงอันตราย -- หลีกเลี่ยงการเปิดไฟล์จากเมลที่ไม่รู้จัก -- อัพเดทโปรแกรมให้ทันสมัย -- ติดตั้งและสแกนด้วยโปรแกรมกำจัดไวรัสอย่างสม่ำเสมอ -- โปรแกรมกำจัดไวรัสแบบฟรี มีจริงหรือไม่ -- คู่มือการใช้โปรแกรม AVG Anti-Virus Free Edition 7.5 -- คู่มือการใช้โปรแกรม avast 4 Home Edition -- คู่มือการใช้โปรแกรม Bitdefender Free Edition v10 --คู่มือการใช้โปรแกรม Clamwin Free Anti-Virus -- คู่มือการใช้โปรแกรมAd-Aware 2007 Free Edition -- คู่มือการใช้โปรแกรม PC Tools Spyware Doctor Starter Edition -- คู่มือการใช้โปรแกรม Spybot Search & Destroy 1.51 -- คู่มือการใช้โปรแกรม Windows Defender -- เว็บไซต์เจ้าของโปรแกรมกำจัดไวรัส
650  7 ไวรัสคอมพิวเตอร์
945    ^p149^l0^i027324
995    ทศพร
999 ^a ทศพร
รายการนี้ยังไม่มีแท็ก
คุณยังไม่ได้ล็อกอิน คุณสามารถมีกิจกรรมร่วมกับเว็บไซต์ได้ แต่ต้องล็อกอินก่อน ::
  ล็อกอิน

รายการสื่อสารสนเทศ

ลำดับที่ ประเภท เลขเรียก/บาร์โค้ด สถานที่ สถานะ
- ไม่พบข้อมูล -

รายการใกล้เคียง
    ผู้แต่ง [สมนึก อำรุงสกุลรัฐ]

    หัวเรื่อง [ไวรัสคอมพิวเตอร์]

BibComment


ยังไม่เคยถูกคอมเมนท์

คอมเมนท์ทรัพยากรรายการนี้
  คอมเมนท์: กำจัดไวรัสง่าย ๆ ..


 Copyright 2026. Bcnsprnw @Library